00818 2200277 4500001002100000005001500021035002500036008004100061020002200102040001700124082001500141084001700156090002100173090002100194100003100215245011000246250001100356260003300367300003700400650001500437700003100452850001200483007000300495999002100498990002100519INLIS00000000000483620200604094734 a0010-041500000001902150430s2014 yoia br ind d a978-979-29-4411-2 aYOPDYOGbind04222a372.52 a372.52 HER m aDEP 372.52 HER m aCB-D.11 2014-8600 aHeru Joko Pranantyod1978-00aMenggambar dari huruf :balat transportasi /cHeru Joko Pranantyo; penyunting, Yasintha Vita Wahyuningsih aCet. 13 aYogyakarta :bRainbow,c2014 a41 halaman :bilustrasi ;c28 cm 4aMenggambar0 aYasintha Vita Wahyuningsih aYOPDYOGta aCB-D.11/2014-860 aCB-D.11/2014-860